Normal view MARC view

Entry Personal Name

Number of records used in: 1

001 - CONTROL NUMBER

  • control field: 16017

003 - CONTROL NUMBER IDENTIFIER

  • control field: dpl

005 - DATE AND TIME OF LATEST TRANSACTION

  • control field: 20100821155156.0

008 - FIXED-LENGTH DATA ELEMENTS

  • fixed length control field: 100821|||a|||||| | ||| d

040 ## - CATALOGING SOURCE

  • Original cataloging agency: dpl
  • Transcribing agency: dpl

100 ## - HEADING--PERSONAL NAME

  • Personal name: Devi, S. Sri

670 ## - SOURCE DATA FOUND

  • Source citation: Work cat.: (dpl)42725: Devi, S. Sri, Participation of women in the small scale industries in Tmilnadu /, 2008

670 ## - SOURCE DATA FOUND

  • Source citation: Work cat.: (dpl)42725: Devi, S. Sri, Participation of women in the small scale industries in Tmilnadu /, 2008

© Delhi Public Library
Hit Counter
free hit counter